Khỏa quan những bài lượn trong nghi lễ cấp sắc, thăng sắc của người Tày Lạng Sơn Quyển 2 Khỏa quan những bài lượn trong nghi lễ cấp sắc, thăng sắc của người Tày Lạng Sơn

Na minha lista:
Detalhes bibliográficos
Autor principal: Hoàng Tuấn Cư
Formato: Livro
Idioma:Vietnamese
Publicado em: H. Sân khấu 2016
Assuntos:
Tags: Adicionar Tag
Sem tags, seja o primeiro a adicionar uma tag!
Thư viện lưu trữ: Mạng thư viện Đại học Đà Nẵng
LEADER 01550nam a2200373 4500
001 000025101
003 21592
005 20170508140550.0
008 170505s2016 viesd
041 0 |a vie 
082 1 4 |a 395.52  |b HO-C 
100 1 |a Hoàng Tuấn Cư 
245 1 0 |a Khỏa quan những bài lượn trong nghi lễ cấp sắc, thăng sắc của người Tày Lạng Sơn  |c Hoàng Tuấn Cư  |n Quyển 2  |p Khỏa quan những bài lượn trong nghi lễ cấp sắc, thăng sắc của người Tày Lạng Sơn 
260 |a H.  |b Sân khấu  |c 2016 
300 |a 466 tr.  |c 21 cm. 
500 |a ĐTTS ghi: Hội văn nghệ dân gian Việt Nam 
650 0 4 |a Văn hóa dân gian  |x Người Tày  |x Nghi lễ  |z Việt Nam (Lạng Sơn) 
650 0 4 |a Nghi lễ  |x Dân tộc Tày  |z Việt Nam (Lạng Sơn) 
653 |a Khỏa quan 
653 |a Lượn 
653 |a Dân tộc Tày 
653 |a Lạng Sơn 
653 |a Văn hóa dân gian 
773 |t Khỏa quan những bài lượn trong nghi lễ cấp sắc, thăng sắc của người Tày Lạng Sơn.  |w 21424 
OWN |a LSP 
AVA |a UDN50  |b LSP  |d 395.52 HO-C  |e available  |t Error 5001 Not defined in file expand_doc_bib_avail.  |f 1  |g 0  |h N  |i 0  |k 1 
999 |a From the UDN01 
AVA |a UDN50  |b LSP  |d 395.52 HO-C  |e available  |t Error 5001 Not defined in file expand_doc_bib_avail.  |f 1  |g 0  |h N  |i 0  |k 1 
TYP |a Monograph 
TYP |a Printed language 
980 |a Mạng thư viện Đại học Đà Nẵng